000 00364nam a2200157Ia 4500
008 240830s1925 xx 000 0 und d
041 _asan
082 _a1
100 _aJAVAJI P
245 _aATH DHATHURUPAVALI PRARANBH
250 _a1
260 _aSANGAI
_bN.D.
_c1925
300 _a100p
906 _aATH DHATHURUPAVALI PRARANBH
999 _c1183960
_d1183960